| 000 | 00869nam a2200229 4500 | ||
|---|---|---|---|
| 001 | 250 | ||
| 003 | OSt | ||
| 005 | 20250401100107.0 | ||
| 008 | 250220b |||||||e |||| 00| 0 eng d | ||
| 040 | _bpor | ||
| 041 | _hpor | ||
| 082 |
_a920 _bI33 |
||
| 245 |
_aOs imortais da Literatura Universal _bVolume I |
||
| 260 |
_aSão Paulo _bAbril _c1971 |
||
| 300 |
_a283 p. _bil. |
||
| 490 | 1 |
_aOs imortais da literatura universal _vvol. 00 |
|
| 520 | _aA obra apresenta as biografias resumidas dos autores presentes na coleção. Estão presentes neste volume: Boccacio, Cervantes, Fielding, Goethe, E. Brontë, Balzac, Dickens, Dumas, Flaubert, Dostoievski, Turguiniev, M. Assis, Conrad, Joyce, Collete, Thomas Mann, Hemingway | ||
| 650 | 0 |
_aEscritores _9460 |
|
| 655 | 0 |
_aBiografia _936 |
|
| 830 |
_aOs Imortais da Literatura Universal _9461 _vvol. 00 |
||
| 942 |
_2ddc _n0 _cBK |
||
| 999 |
_c250 _d250 |
||